[Event "UGA olympic qual 2nd"]
[Site "Kampala"]
[Date "2012.03.03"]
[Round "1"]
[White "Kanduho, Geoffrey"]
[Black "Owiny, Festo"]
[Result "1-0"]
[WhiteElo "2100"]
[BlackElo "2000"]
[PlyCount "115"]
[EventDate "2012.03.03"]
[EventType "swiss"]
[EventRounds "8"]
[EventCountry "UGA"]
[SourceTitle "CBM 147 Extra"]
[Source "ChessBase"]
[SourceDate "2012.04.24"]
[SourceVersion "1"]
[SourceVersionDate "2012.04.24"]
[SourceQuality "1"]

1. e4 e5 2. Nf3 Nc6 3. Bc4 Bc5 4. c3 Nf6 5. 0-0 d6 6. d4 exd4 7. cxd4 Bb6 8. d5 Ne5 9. Nxe5 dxe5 10. Bg5 Qd6 11. Nc3 a6 12. Qd3 0-0 13. Be3 Bxe3 14. Qxe3 Qb4 15. Be2 Qxb2 16. Qc5 Nxe4 17. Nxe4 Qxe2 18. Nc3 Qg4 19. Qxc7 f6 20. Rfd1 Qd7 21. Qb6 Qd8 22. Na4 Rb8 23. Rac1 Bg4 24. f3 Bf5 25. Rc7 Rf7 26. Rxf7 Kxf7 27. Rc1 Qxd5 28. Qc7+ Bd7 29. Qxb8 Bxa4 30. Qc7+ Kg6 31. Qc4 Qxc4 32. Rxc4 Bc6 33. Kf2 Kf5 34. Ke3 h5 35. g3 g5 36. Rc1 a5 37. Rc5 a4 38. a3 Ke6 39. f4 Kd6 40. Ra5 b5 41. Ra7 Kd5 42. Rf7 gxf4+ 43. gxf4 exf4+ 44. Kxf4 Kc5 45. Rxf6 Bd7 46. Rf7 Bg4 47. Rc7+ Kd4 48. Kg3 Be2 49. Kf2 Bg4 50. Rc6 h4 51. Rh6 h3 52. Rh4 Kc3 53. Rxg4 Kb3 54. Rg3+ Kc4 55. Rxh3 b4 56. Rh4+ Kb3 57. Rxb4+ Kxa3 58. Rb8 1-0

[Event "UGA-ch"]
[Site "Kampala"]
[Date "2011.12.13"]
[Round "7"]
[White "Owiny, Festo"]
[Black "Kaamu, Joseph"]
[Result "1-0"]
[WhiteElo "2000"]
[BlackElo "2037"]
[PlyCount "69"]
[EventDate "2011.12.05"]
[EventType "swiss"]
[EventRounds "10"]
[EventCountry "UGA"]
[SourceTitle "EXT 2013"]
[Source "ChessBase"]
[SourceDate "2012.11.22"]
[SourceVersion "1"]
[SourceVersionDate "2012.11.22"]
[SourceQuality "1"]

1. d4 Nf6 2. c4 g6 3. Nc3 d5 4. cxd5 Nxd5 5. e4 Nxc3 6. bxc3 c5 7. Bc4 Bg7 8. Be3 Nc6 9. Ne2 0-0 10. 0-0 Bg4 11. f3 cxd4 12. cxd4 Na5 13. Bd3 Be6 14. Qd2 Nc4 15. Bxc4 Bxc4 16. Rfe1 Qd7 17. Rac1 Rac8 18. Kh1 b5 19. d5 Qb7 20. Nd4 Rfd8 21. Nc6 Rd7 22. a3 Qa6 23. Qb4 Re8 24. a4 e6 25. Bc5 Bf8 26. Bxf8 Rxf8 27. Ne5 Rdd8 28. axb5 Bxb5 29. dxe6 fxe6 30. Rc7 Rde8 31. Qc3 Rc8 32. Nxg6 Rxc7 33. Qh8+ Kf7 34. Qxh7+ Ke8 35. Qxc7 1-0

[Event "UGA-ch"]
[Site "Kampala"]
[Date "2011.12.12"]
[Round "6"]
[White "Emojong, Elijah"]
[Black "Owiny, Festo"]
[Result "1-0"]
[WhiteElo "2111"]
[BlackElo "2000"]
[PlyCount "103"]
[EventDate "2011.12.05"]
[EventType "swiss"]
[EventRounds "10"]
[EventCountry "UGA"]
[SourceTitle "EXT 2013"]
[Source "ChessBase"]
[SourceDate "2012.11.22"]
[SourceVersion "1"]
[SourceVersionDate "2012.11.22"]
[SourceQuality "1"]

1. d4 Nf6 2. c4 e5 3. dxe5 Ng4 4. Qd4 d6 5. exd6 Bxd6 6. c5 Nc6 7. Qe4+ Be7 8. Nc3 0-0 9. Nf3 Bxc5 10. e3 Nb4 11. a3 Re8 12. Qb1 Nd5 13. Nxd5 Qxd5 14. Bd3 h6 15. 0-0 b6 16. Rd1 Qe6 17. b4 Bd6 18. h3 Nf6 19. Bb5 Re7 20. Bb2 Bb7 21. Be2 Be4 22. Qc1 Qf5 23. Nd4 Qe5 24. f4 Qd5 25. Nf3 Qh5 26. Rd2 Rae8 27. Ne5 Qf5 28. Bb5 Bxe5 29. fxe5 Nd5 30. Bxe8 Rxe8 31. Rf2 Qg5 32. Bd4 Re6 33. b5 Rg6 34. Raa2 Qh4 35. Rae2 Qxh3 36. e6 fxe6 37. Qc6 Qg3 38. Qe8+ Kh7 39. Rd2 Nf6 40. Bxf6 gxf6 41. Qf7+ Rg7 42. Qxf6 Bd3 43. Rf3 Qg4 44. Rdf2 Bxb5 45. Qf8 Bc6 46. Rf7 Qg6 47. Rxg7+ Qxg7 48. Rf7 Qxf7 49. Qxf7+ Kh8 50. Qf8+ Kh7 51. Qe7+ Kh8 52. Qd8+ 1-0

[Event "UGA-ch"]
[Site "Kampala"]
[Date "2011.12.06"]
[Round "3"]
[White "Kakooza, Kenneth"]
[Black "Owiny, Festo"]
[Result "1-0"]
[WhiteElo "2177"]
[BlackElo "2000"]
[PlyCount "119"]
[EventDate "2011.12.05"]
[EventType "swiss"]
[EventRounds "10"]
[EventCountry "UGA"]
[SourceTitle "EXT 2013"]
[Source "ChessBase"]
[SourceDate "2012.11.22"]
[SourceVersion "1"]
[SourceVersionDate "2012.11.22"]
[SourceQuality "1"]

1. d4 d5 2. c4 e6 3. Nc3 Bb4 4. Nf3 Nf6 5. Bg5 0-0 6. Qb3 Bxc3+ 7. bxc3 dxc4 8. Qxc4 c6 9. e4 h6 10. Bh4 b5 11. Qb3 Qe8 12. Bd3 Nh5 13. 0-0 Nd7 14. Rfe1 a6 15. e5 c5 16. Qc2 Nf4 17. Be4 Ra7 18. Qd2 Ng6 19. Bg3 Bb7 20. Bc2 Qe7 21. Bxg6 fxg6 22. Nh4 Kh7 23. Qd3 Qf7 24. f4 c4 25. Qd2 Nb6 26. Rf1 Be4 27. Rae1 Bd3 28. Rf2 Nd5 29. h3 Ne7 30. Nf3 Nf5 31. Bh2 Qe7 32. Ra1 Kh8 33. g4 Nh4 34. Ne1 Be4 35. Qe3 Bd5 36. Bg3 Qd8 37. Nc2 Raf7 38. Nb4 Bb7 39. d5 exd5 40. e6 Re8 41. Nc2 g5 42. f5 Rfe7 43. Nd4 Kh7 44. Raf1 Rf8 45. Qe5 Qe8 46. Qd6 Qd8 47. Be5 Rfe8 48. Qxd8 Rxd8 49. f6 gxf6 50. Bxf6 Rde8 51. Bxe7 Rxe7 52. Rf7+ Rxf7 53. Rxf7+ Kg8 54. Rxb7 Ng6 55. Nf5 Kh8 56. Rg7 d4 57. Rxg6 dxc3 58. e7 c2 59. Rxh6+ Kg8 60. e8Q# 1-0

[Event "UGA-ch"]
[Site "Kampala"]
[Date "2011.12.06"]
[Round "4"]
[White "Katula, Frobisha Paul"]
[Black "Owiny, Festo"]
[Result "0-1"]
[WhiteElo "1950"]
[BlackElo "2000"]
[PlyCount "86"]
[EventDate "2011.12.05"]
[EventType "swiss"]
[EventRounds "10"]
[EventCountry "UGA"]
[SourceTitle "EXT 2013"]
[Source "ChessBase"]
[SourceDate "2012.11.22"]
[SourceVersion "1"]
[SourceVersionDate "2012.11.22"]
[SourceQuality "1"]

1. e4 c6 2. d4 d5 3. Nc3 dxe4 4. Nxe4 Bf5 5. Ng3 Bg6 6. Nf3 e6 7. h4 h6 8. h5 Bh7 9. Bd3 Bxd3 10. Qxd3 Bd6 11. Ne4 Nf6 12. Nxd6+ Qxd6 13. Bd2 Nbd7 14. 0-0-0 b5 15. g3 Nd5 16. Rhe1 a5 17. Kb1 b4 18. Nh4 N7f6 19. Qf3 0-0 20. g4 Nh7 21. Qe2 a4 22. Qe5 Qd8 23. Ng2 Qb6 24. Qg3 Rfb8 25. Nf4 b3 26. cxb3 a3 27. Nxd5 cxd5 28. Bf4 Rb7 29. bxa3 Rxa3 30. Bd6 Ra6 31. Bc5 Qa5 32. Re2 Ng5 33. Rc1 Ne4 34. Qd3 Rc6 35. f3 Nxc5 36. Rxc5 Rxc5 37. dxc5 Qxc5 38. Rc2 Qf8 39. Qa6 Rb8 40. Rc7 Qe8 41. Qa7 Rc8 42. Qb7 Rb8 43. Qa7 Rb5 0-1